The making of the american constitution

Kaydedildi:
Detaylı Bibliyografya
Yazar: Jensen, Merrill (Yazar)
Materyal Türü: Kitap
Dil:İngilizce
Baskı/Yayın Bilgisi: Nueva York Robert E. Krieger 1979
Seri Bilgileri:The Anvil Series
Konular:
Etiketler: Etiketle
Etiket eklenmemiş, İlk siz ekleyin!

MARC

LEADER 00000nam a2200000 a 4500
001 UCT9686
003 CL-VaPUC
008 970411e19790000US |||||||||||||||||eng|d
082 0 4 |a 342.029  |b JEN  |2 21 
100 0 |a Jensen, Merrill  |e author  |9 382600 
245 1 4 |a The making of the american constitution 
300 |a 191 p 
942 |c BK 
945 |d 19970411 00:00:00  |a paguirre 
260 |a Nueva York  |b Robert E. Krieger  |c 1979 
650 0 |a Derecho constitucional   |9 222588 
650 0 |a Constituciones  |9 255417 
650 0 |a Historia constitucional  |9 256052 
650 0 |a Federalismo  |9 313886 
650 7 |a SISTEMAS POLITICOS  |2 CL-VaPUC  |9 382601 
650 0 |a Poder ejecutivo  |9 255177 
650 0 |a Poder legislativo  |9 258808 
650 0 |a Parlamento  |9 338611 
651 0 |a Estados Unidos  |9 255178 
583 |a last modification  |c 19970411 00:00:00  |k Rodrigo Vera 
490 0 |a The Anvil Series 
999 |c 258065  |d 258063 
952 |0 0  |1 0  |4 0  |6 342_029000000000000_JEN_1979  |7 0  |8 A  |9 281853  |a BIBDER  |b BIBDER  |d 2019-11-19  |i 1828657  |o 342.029 JEN 1979  |p 1828657  |r 2023-01-25  |w 2019-11-19  |y BK  |k DER